The postage stamps of New Zealand, 1855-1873, the Chalon head issues (Record no. 1455)

000 -LEADER
fixed length control field 00357nam a22001217a 4500
003 - CONTROL NUMBER IDENTIFIER
control field OSt
008 - FIXED-LENGTH DATA ELEMENTS--GENERAL INFORMATION
fixed length control field 150511b xxu||||| |||| 00| 0 eng d
041 ## - LANGUAGE CODE
Language code of text/sound track or separate title eng
100 1# - MAIN ENTRY--PERSONAL NAME
Personal name Odenweller, Robert P.
245 10 - TITLE STATEMENT
Title The postage stamps of New Zealand, 1855-1873, the Chalon head issues
260 ## - PUBLICATION, DISTRIBUTION, ETC. (IMPRINT)
Place of publication, distribution, etc. Wellington
Name of publisher, distributor, etc. Royal Philatelic Society of New Zealand
300 ## - PHYSICAL DESCRIPTION
Extent 0 pages
Holdings
Withdrawn status Lost status Source of classification or shelving scheme Damaged status Not for loan Collection code Permanent Location Current Location Date acquired Total Checkouts Total Renewals Full call number Barcode Date last seen Date last checked out Price effective from Koha item type
          Richard Drews Northern Philatelic Library Northern Philatelic Library 05/11/2015 1 1 G9081 .D313 O23 1001703 12/16/2017 01/21/2017 06/28/2015 Books

Powered by Koha